书目信息 |
| 题名: |
平"语"近人
|
|
| 作者: | ;中共中央宣传部 , 中央广播电视总台 | |
| 分册: | ||
| 出版信息: | 北京 人民出版社 2019年 |
|
| 页数: | 286页 | |
| 开本: | 26cm | |
| 丛书名: | ||
| 单 册: | ||
| 中图分类: | D2 | |
| 科图分类: | ||
| 主题词: | 中国共产党 | |
| 电子资源: | ||
| ISBN: | 978-7-01-020419-2 | |
| 000 | 00701nam0 2200193 45 | |
| 001 | 2632547469 | |
| 005 | 20260403090257.47 | |
| 010 | @a978-7-01-020419-2@dCNY49.00 | |
| 100 | @a20210525d km y0chiy0120 ea | |
| 101 | 0 | @achi |
| 200 | 1 | @a平"语"近人@APing"Yu"Jin Ren@e习近平总书记用典@f中共中央宣传部,中央广播电视总台@FZhong Gong Zhong Yang Xuan Chuan Bu,Zhong Yang Guang Bo Dian Shi Zong Tai |
| 210 | @a北京@c人民出版社@d2019年 | |
| 215 | @a286页@d26cm | |
| 606 | 0 | @a中国共产党 |
| 690 | @aD2@v4 | |
| 711 | 02 | @a中共中央宣传部@AZhong Gong Zhong Yang Xuan Chuan Bu |
| 711 | 02 | @a中央广播电视总台@AZhong Yang Guang Bo Dian Shi Zong Tai |
| 801 | 0 | @aCN@bPFT@c20210525 |
| 905 | @a10447@b6200736@dD2@e320@f1 | |
| 平"语"近人:习近平总书记用典/中共中央宣传部,中央广播电视总台.-北京:人民出版社,2019年 |
| 286页;26cm |
| ISBN 978-7-01-020419-2:CNY49.00 |
| ● |
| 相关链接 |
|
|
|
|
正题名:平"语"近人
索取号:D2/320
 
预约/预借
| 序号 | 登录号 | 条形码 | 馆藏地/架位号 | 状态 | 备注 |
| 1 | 1442235 | 214422356 | 第一样本阅览室/ [索取号:D2/320] | 在馆 |